00468 a2200157 4500020001800000050002100018100002400039245005900063250001300122264003900135300001400174500002000188500004800208650003100256650002300287 a978075452881400aKF 3455 SLA 20081 aSlade, Elizabeth A.10aTolley's employment handbook /cby Elizabeth A. Slade. a19th ed. aLondon:bLexis Nexis Tolley,c2005 a1112 p. ; aIncludes index. a19th ed.- cataloged as a serial in LC.5DLC 0aLabor laws and legislation 0aEmployee handbooks